UBT Library

Understanding arthritis / (Record no. 42025)

000 -LEADER
fixed length control field 00634pam a2200217 a 4500
001 - CONTROL NUMBER
control field 2369450
005 - DATE AND TIME OF LATEST TRANSACTION
control field 20180207075429.0
008 - FIXED-LENGTH DATA ELEMENTS--GENERAL INFORMATION
fixed length control field 841005s1984 nyua b 001 0 eng
010 ## - LIBRARY OF CONGRESS CONTROL NUMBER
LC control number 84022921
020 ## - INTERNATIONAL STANDARD BOOK NUMBER
International Standard Book Number 0684181991 :
Terms of availability $17.95
040 ## - CATALOGING SOURCE
Original cataloging agency DLC
Transcribing agency DLC
Modifying agency DLC
041 ## - LANGUAGE CODE
Language code of text/sound track or separate title eng
080 ## - UNIVERSAL DECIMAL CLASSIFICATION NUMBER
Universal Decimal Classification number 616.722 KUS
082 00 - DEWEY DECIMAL CLASSIFICATION NUMBER
Classification number 616.722 KUS
Edition number 19
100 ## - Rafti
Rafti 7
101 ## - Shkurtesa
Shkurtesa REU
245 00 - TITLE STATEMENT
Title Understanding arthritis /
Statement of responsibility, etc Arthritis Foundation ; editor, Irving Kushner ; associate editors, Ann Forer and Ann B. McGuire.
504 ## - BIBLIOGRAPHY, ETC. NOTE
Bibliography, etc Bibliography: p. 270-272.
906 ## - LOCAL DATA ELEMENT F, LDF (RLIN)
a 7
b cbc
c orignew
d 1
e ocip
f 19
g y-gencatlg
942 ## - ADDED ENTRY ELEMENTS (KOHA)
Source of classification or shelving scheme
Item type Books
Holdings
Withdrawn status Lost status Source of classification or shelving scheme Damaged status Not for loan Collection code Permanent location Current location Shelving location Date acquired Total Checkouts Full call number Barcode Date last seen Price effective from Koha item type
          Koleksioni i përgjithshem UBT - Lipjan UBT - Lipjan Koleksioni i përgjithshem 02/07/2018   616.722 KUS 002-2999041 02/07/2018 02/07/2018 Books
UBT Library © 2015-2024. All rights reserved University Education for Business and Technology